| 000 | 00970nam a22002897a 4500 | ||
|---|---|---|---|
| 001 | 4836205 | ||
| 003 | OSt | ||
| 005 | 20170518103458.0 | ||
| 008 | 170315b xxu||||| |||| 00| 0 eng d | ||
| 010 | _a 90048362 | ||
| 020 |
_a0131798138 : _c$37.00 |
||
| 040 |
_aMMU _cMMU _dMMU _beng |
||
| 050 | 0 | 0 |
_aHF5686.C8 _bH59 1991 |
| 082 | 0 | 0 |
_a658.15/11 _220 |
| 100 | 1 |
_aHorngren, Charles T., _d1926- |
|
| 245 | 1 | 0 |
_aCost accounting : _ba managerial emphasis / _cCharles T. Horngren, George Foster. |
| 250 | _a7th ed. | ||
| 260 |
_aEnglewood Cliffs, N.J. : _bPrentice Hall, _cc1991. |
||
| 300 |
_axx, 964 p. : _bcol. ill. ; _c28 cm. |
||
| 504 | _aIncludes bibliographical references and indexes. | ||
| 650 | 0 | _aCost accounting. | |
| 650 | 0 | _aCosts, Industrial. | |
| 700 | 1 |
_aFoster, George, _d1948- |
|
| 906 |
_a7 _bcbc _corignew _d1 _eocip _f19 _gy-gencatlg |
||
| 942 |
_2lcc _cLOAN LOAN |
||
| 999 |
_c24829 _d24829 |
||